[Event "OeISM_Rapid_u12_Girls"]
[Site "AUT_girls_U12"]
[Date "2020.12.13"]
[Round "4"]
[White "Ju_Fa29"]
[Black "Chessellis"]
[Result "1/2-1/2"]
[WhiteElo "1741"]
[BlackElo "1694"]
[Annotator "NA"]
[PlyCount "33"]
[EventDate "2020.12.13"]
[EventType "blitz"]

1. e4 {[%emt 0:00:07]} c5 {[%emt 0:00:01]} 2. d3 {[%emt 0:00:08]} Nc6 {[%emt 0:00:04]} 3. Nc3 {[%emt 0:00:09]} Nf6 {[%emt 0:00:02]} 4. Bf4 {[%emt 0:00:15]} g6 {[%emt 0:00:04]} 5. Nf3 {[%emt 0:00:14]} d6 {[%emt 0:00:04]} 6. Be2 {[%emt 0:00:17]} Bg7 {[%emt 0:00:04]} 7. O-O {[%emt 0:00:05]} O-O {[%emt 0:00:02]} 8. Qd2 {[%emt 0:00:27]} Be6 {[%emt 0:00:17]} 9. Rfe1 {[%emt 0:00:30]} Qb6 {[%emt 0:00:06]} 10. b3 {[%emt 0:00:11]} Qb4 {[%emt 0:00:20]} 11. a3 {[%emt 0:00:16]} Qa5 {[%emt 0:00:08]} 12. b4 {[%emt 0:00:06]} cxb4 {[%emt 0:00:20]} 13. axb4 {[%emt 0:00:05]} Qxb4 {[%emt 0:00:03]} 14. Reb1 {[%emt 0:00:05]} Qc5 {[%emt 0:00:59]} 15. d4 {[%emt 0:00:58]} Nxd4 {[%emt 0:00:59]} 16. Qxd4 {[%emt 0:00:40]} Qxd4 {[%emt 0:00:25]} 17. Nxd4 {[%emt 0:00:07] Ju_Fa29 offers a draw} 1/2-1/2

[Event "OeISM_Rapid_u12_Girls"]
[Site "AUT_girls_U12"]
[Date "2020.12.13"]
[Round "4"]
[White "Efiona2008"]
[Black "LBchessqueen"]
[Result "0-1"]
[WhiteElo "1416"]
[BlackElo "1573"]
[Annotator "NA"]
[PlyCount "140"]
[EventDate "2020.12.13"]
[EventType "blitz"]

1. e4 {[%emt 0:00:03]} c5 {[%emt 0:00:01]} 2. Nf3 {[%emt 0:00:03]} d6 {[%emt 0:00:01]} 3. Nc3 {[%emt 0:00:03]} g6 {[%emt 0:00:01]} 4. Bc4 {[%emt 0:00:05]} Bg7 {[%emt 0:00:04]} 5. d3 {[%emt 0:00:08]} Nc6 {[%emt 0:00:04]} 6. Be3 {[%emt 0:00:07]} Bg4 {[%emt 0:00:06]} 7. h3 {[%emt 0:00:05]} Bd7 {[%emt 0:00:20]} 8. Qd2 {[%emt 0:00:13]} Nf6 {[%emt 0:00:03]} 9. O-O {[%emt 0:00:09]} O-O {[%emt 0:00:51]} 10. Bh6 {[%emt 0:00:24]} Na5 {[%emt 0:00:14]} 11. Bb3 {[%emt 0:00:25]} Nxb3 {[%emt 0:00:04]} 12. axb3 {[%emt 0:00:03]} a6 {[%emt 0:00:01]} 13. Nd5 {[%emt 0:00:17]} Nxd5 {[%emt 0:00:06]} 14. exd5 {[%emt 0:00:04]} e5 {[%emt 0:01:03]} 15. Bg5 {[%emt 0:00:13]} f6 {[%emt 0:00:09]} 16. Bh6 {[%emt 0:00:15]} f5 {[%emt 0:00:19]} 17. Bg5 {[%emt 0:00:32]} Bf6 {[%emt 0:00:28]} 18. Bh6 {[%emt 0:00:11]} Rf7 {[%emt 0:00:06]} 19. Ng5 {[%emt 0:00:14]} Bxg5 {[%emt 0:00:13]} 20. Bxg5 {[%emt 0:00:04]} Qe8 {[%emt 0:00:16]} 21. Rfe1 {[%emt 0:00:26]} f4 {[%emt 0:00:24]} 22. b4 {[%emt 0:01:06]} b6 {[%emt 0:00:48]} 23. bxc5 {[%emt 0:00:41]} bxc5 {[%emt 0:00:04]} 24. Ra5 {[%emt 0:00:07]} Kg7 {[%emt 0:00:22]} 25. b4 {[%emt 0:00:42]} cxb4 {[%emt 0:00:16]} 26. Qxb4 {[%emt 0:00:10]} Qf8 {[%emt 0:00:17]} 27. d4 {[%emt 0:00:19]} Rf5 {[%emt 0:00:29]} 28. g4 {[%emt 0:00:40]} Rxg5 {[%emt 0:00:09]} 29. f3 {[%emt 0:00:17]} Bxg4 {[%emt 0:00:30]} 30. hxg4 {[%emt 0:00:15]} h5 {[%emt 0:00:03]} 31. Qb7+ {[%emt 0:00:21]} Kg8 {[%emt 0:00:14]} 32. Kf2 {[%emt 0:00:21]} hxg4 {[%emt 0:00:06]} 33. fxg4 {[%emt 0:00:03]} Rb8 {[%emt 0:00:29]} 34. Qxa6 {[%emt 0:00:16]} Rxg4 {[%emt 0:00:26]} 35. dxe5 {[%emt 0:00:22]} Qh6 {[%emt 0:00:19]} 36. exd6 {[%emt 0:00:07]} Qh2+ {[%emt 0:00:04]} 37. Kf3 {[%emt 0:00:05]} Rg3+ {[%emt 0:00:18]} 38. Ke4 {[%emt 0:00:24]} Re8+ {[%emt 0:00:06]} 39. Kd4 {[%emt 0:00:05]} Qd2+ {[%emt 0:00:07]} 40. Kc5 {[%emt 0:00:04]} Rc3+ {[%emt 0:00:03]} 41. Kb6 {[%emt 0:00:03]} Qd4+ {[%emt 0:00:25]} 42. Kb7 {[%emt 0:00:09]} Rxe1 {[%emt 0:00:26]} 43. d7 {[%emt 0:00:17]} Rb1+ {[%emt 0:00:52]} 44. Ka8 {[%emt 0:00:09]} Kg7 {[%emt 0:00:10]} 45. d8=R {[%emt 0:00:09]} Rc5 {[%emt 0:00:12]} 46. Qb7+ {[%emt 0:00:06]} Kh6 {[%emt 0:00:02]} 47. Qa7 {[%emt 0:00:13]} Rxa5 {[%emt 0:00:02]} 48. Qxa5 {[%emt 0:00:04]} Ra1 {[%emt 0:00:01]} 49. Qxa1 {[%emt 0:00:06]} Qxa1+ {[%emt 0:00:01]} 50. Kb7 {[%emt 0:00:02]} Qb2+ {[%emt 0:00:00]} 51. Kc7 {[%emt 0:00:02]} Qxc2+ {[%emt 0:00:00]} 52. Kd6 {[%emt 0:00:03]} f3 {[%emt 0:00:01]} 53. Rh8+ {[%emt 0:00:03]} Kg7 {[%emt 0:00:02]} 54. Rh3 {[%emt 0:00:09]} f2 {[%emt 0:00:01]} 55. Rh2 {[%emt 0:00:01]} Qe2 {[%emt 0:00:02]} 56. Rg2 {[%emt 0:00:04]} Qf3 {[%emt 0:00:01]} 57. Rg5 {[%emt 0:00:12]} Qf4+ {[%emt 0:00:01]} 58. Re5 {[%emt 0:00:03]} Qxe5+ {[%emt 0:00:02]} 59. Kxe5 {[%emt 0:00:02]} f1=Q {[%emt 0:00:00]} 60. d6 {[%emt 0:00:02]} Qa6 {[%emt 0:00:07]} 61. Ke6 {[%emt 0:00:06]} Qc8+ {[%emt 0:00:03]} 62. Ke7 {[%emt 0:00:02]} Qf8+ {[%emt 0:00:04]} 63. Kd7 {[%emt 0:00:03]} Kf6 {[%emt 0:00:03]} 64. Kc7 {[%emt 0:00:07]} Ke6 {[%emt 0:00:03]} 65. Kc6 {[%emt 0:00:11]} Qc8+ {[%emt 0:00:03]} 66. Kb6 {[%emt 0:00:06]} Kxd6 {[%emt 0:00:02]} 67. Kb5 {[%emt 0:00:03]} Qc5+ {[%emt 0:00:02]} 68. Ka6 {[%emt 0:00:02]} Qb4 {[%emt 0:00:02]} 69. Ka7 {[%emt 0:00:01]} Kc7 {[%emt 0:00:02]} 70. Ka6 {[%emt 0:00:01]} Qb6# {[%emt 0:00:01] Mate Mate} 0-1

[Event "OeISM_Rapid_u12_Girls"]
[Site "AUT_girls_U12"]
[Date "2020.12.13"]
[Round "4"]
[White "Orchidee14"]
[Black "Athene"]
[Result "0-1"]
[WhiteElo "1388"]
[BlackElo "1550"]
[Annotator "NA RC"]
[PlyCount "44"]
[EventDate "2020.12.13"]
[EventType "blitz"]

1. e4 {[%emt 0:00:06]} e5 {[%emt 0:00:09]} 2. Nf3 {[%emt 0:00:02]} Nc6 {[%emt 0:00:07]} 3. d4 {[%emt 0:00:03]} exd4 {[%emt 0:00:04]} 4. Nxd4 {[%emt 0:00:03]} Nxd4 {[%emt 0:00:02]} 5. Qxd4 {[%emt 0:00:03]} b6 {[%emt 0:00:13]} 6. Nc3 {[%emt 0:00:11]} Bb7 {[%emt 0:00:05]} 7. Bc4 {[%emt 0:00:10]} Bc5 {[%emt 0:00:15]} 8. Qe5+ {[%emt 0:00:10]} Qe7 {[%emt 0:00:05]} 9. Qf4 {[%emt 0:00:10]} Nf6 {[%emt 0:00:07]} 10. e5 {[%emt 0:00:18]} Bxg2 {[%emt 0:00:10]} 11. Nd5 {[%emt 0:00:20]} Nxd5 {[%emt 0:00:09]} 12. Bxd5 {[%emt 0:00:08]} Bxd5 {[%emt 0:00:03]} 13. O-O {[%emt 0:00:06]} O-O-O {[%emt 0:00:12]} 14. Be3 {[%emt 0:00:27]} Bb4 {[%emt 0:00:25]} 15. c3 {[%emt 0:00:08]} Bc5 {[%emt 0:00:03]} 16. Bd2 {[%emt 0:00:14]} d6 {[%emt 0:00:05]} 17. c4 {[%emt 0:00:06]} Bc6 {[%emt 0:00:05]} 18. exd6 {[%emt 0:00:04]} Bxd6 {[%emt 0:00:06]} 19. Qd4 {[%emt 0:00:14]} Bxh2+ {[%emt 0:00:04]} 20. Kxh2 {[%emt 0:00:06]} Rxd4 {[%emt 0:00:00]} 21. Bc3 {[%emt 0:00:08]} Rh4+ {[%emt 0:00:03]} 22. Kg1 {[%emt 0:00:05]} Qg5# {[%emt 0:00:01] Mate Mate} 0-1

[Event "OeISM_Rapid_u12_Girls"]
[Site "AUT_girls_U12"]
[Date "2020.12.13"]
[Round "4"]
[White "Leefke Giselbrecht"]
[Black "BiancaD"]
[Result "1-0"]
[WhiteElo "1387"]
[BlackElo "1620"]
[Annotator "NA RC"]
[PlyCount "121"]
[EventDate "2020.12.13"]
[EventType "blitz"]

1. e4 {[%emt 0:00:03]} e5 {[%emt 0:00:02]} 2. Bc4 {[%emt 0:00:04]} Nf6 {[%emt 0:00:02]} 3. d3 {[%emt 0:00:03]} Bc5 {[%emt 0:00:03]} 4. Nf3 {[%emt 0:00:03]} Nc6 {[%emt 0:00:05]} 5. O-O {[%emt 0:00:03]} h6 {[%emt 0:00:02]} 6. c3 {[%emt 0:00:03]} O-O {[%emt 0:00:02]} 7. Nbd2 {[%emt 0:00:04]} Na5 {[%emt 0:00:03]} 8. Bb5 {[%emt 0:00:04]} a6 {[%emt 0:00:04]} 9. Ba4 {[%emt 0:00:02]} b5 {[%emt 0:00:03]} 10. Bc2 {[%emt 0:00:02]} d6 {[%emt 0:00:07]} 11. b4 {[%emt 0:00:03]} Bb6 {[%emt 0:00:08]} 12. bxa5 {[%emt 0:00:04]} Bxa5 {[%emt 0:00:02]} 13. Bb2 {[%emt 0:00:04]} d5 {[%emt 0:00:05]} 14. exd5 {[%emt 0:00:09]} Nxd5 {[%emt 0:00:02]} 15. Ne4 {[%emt 0:00:02]} Bf5 {[%emt 0:00:07]} 16. Qd2 {[%emt 0:00:19]} Bxe4 {[%emt 0:00:07]} 17. dxe4 {[%emt 0:00:02]} Nb6 {[%emt 0:00:12]} 18. Rad1 {[%emt 0:00:28]} Nc4 {[%emt 0:00:05]} 19. Qxd8 {[%emt 0:00:04]} Rfxd8 {[%emt 0:00:02]} 20. Ba1 {[%emt 0:00:56]} Rxd1 {[%emt 0:00:22]} 21. Rxd1 {[%emt 0:00:03]} Na3 {[%emt 0:00:07]} 22. Bb3 {[%emt 0:00:10]} Re8 {[%emt 0:00:24]} 23. h3 {[%emt 0:00:36]} b4 {[%emt 0:00:04]} 24. cxb4 {[%emt 0:00:09]} Bxb4 {[%emt 0:00:01]} 25. Rd7 {[%emt 0:00:18]} Re7 {[%emt 0:00:13]} 26. Rxe7 {[%emt 0:00:10]} Bxe7 {[%emt 0:00:03]} 27. Nxe5 {[%emt 0:00:04]} Bf6 {[%emt 0:00:05]} 28. Bb2 {[%emt 0:00:20]} Nb5 {[%emt 0:00:10]} 29. f4 {[%emt 0:00:36]} Nd6 {[%emt 0:00:06]} 30. Bd5 {[%emt 0:00:15]} Kf8 {[%emt 0:00:17]} 31. Nd7+ {[%emt 0:00:04]} Ke7 {[%emt 0:00:06]} 32. Nxf6 {[%emt 0:00:02]} gxf6 {[%emt 0:00:03]} 33. Kf2 {[%emt 0:00:04]} f5 {[%emt 0:00:09]} 34. Ba3 {[%emt 0:00:11]} Kd7 {[%emt 0:00:09]} 35. exf5 {[%emt 0:00:26]} Nxf5 {[%emt 0:00:06] BiancaD offers a draw} 36. Bxf7 {[%emt 0:00:10]} a5 {[%emt 0:00:23]} 37. g4 {[%emt 0:00:04]} Nd4 {[%emt 0:00:06]} 38. Bb2 {[%emt 0:00:18]} Nc6 {[%emt 0:00:18]} 39. f5 {[%emt 0:00:09]} Nd8 {[%emt 0:00:03]} 40. Bd5 {[%emt 0:00:10]} Ke7 {[%emt 0:00:05]} 41. Kf3 {[%emt 0:00:04]} c6 {[%emt 0:00:03]} 42. Be4 {[%emt 0:00:19]} Kf7 {[%emt 0:00:14]} 43. h4 {[%emt 0:00:11]} c5 {[%emt 0:00:08]} 44. Bc3 {[%emt 0:00:07]} a4 {[%emt 0:00:03]} 45. Bd5+ {[%emt 0:00:13]} Ke7 {[%emt 0:00:10]} 46. Ba5 {[%emt 0:00:03]} a3 {[%emt 0:00:07]} 47. Bxd8+ {[%emt 0:00:07]} Kxd8 {[%emt 0:00:01]} 48. Kf4 {[%emt 0:00:02]} Ke7 {[%emt 0:00:01]} 49. g5 {[%emt 0:00:04]} hxg5+ {[%emt 0:00:02]} 50. hxg5 {[%emt 0:00:02]} c4 {[%emt 0:00:01]} 51. Bxc4 {[%emt 0:00:03]} Kf8 {[%emt 0:00:02]} 52. f6 {[%emt 0:00:11]} Ke8 {[%emt 0:00:04]} 53. g6 {[%emt 0:00:03]} Kf8 {[%emt 0:00:02]} 54. g7+ {[%emt 0:00:02]} Ke8 {[%emt 0:00:02]} 55. g8=Q+ {[%emt 0:00:02]} Kd7 {[%emt 0:00:01]} 56. Qe6+ {[%emt 0:00:04]} Kd8 {[%emt 0:00:02]} 57. Qf7 {[%emt 0:00:03]} Kc8 {[%emt 0:00:01]} 58. Be6+ {[%emt 0:00:07]} Kb8 {[%emt 0:00:03]} 59. Qe7 {[%emt 0:00:07]} Ka8 {[%emt 0:00:02]} 60. Bd5+ {[%emt 0:00:07]} Kb8 {[%emt 0:00:01]} 61. Qb7# {[%emt 0:00:02] Mate Mate} 1-0

[Event "OeISM_Rapid_u12_Girls"]
[Site "AUT_girls_U12"]
[Date "2020.12.13"]
[Round "4"]
[White "Jaguarjungle"]
[Black "HarryPotter09"]
[Result "1-0"]
[WhiteElo "1352"]
[BlackElo "1482"]
[Annotator "NA"]
[PlyCount "181"]
[EventDate "2020.12.13"]
[EventType "blitz"]

1. e4 {[%emt 0:00:05]} c5 {[%emt 0:00:02]} 2. Nc3 {[%emt 0:00:02]} d6 {[%emt 0:00:19]} 3. Nf3 {[%emt 0:00:03]} g6 {[%emt 0:00:10]} 4. Bc4 {[%emt 0:00:13]} Bg7 {[%emt 0:00:26]} 5. d4 {[%emt 0:00:11]} cxd4 {[%emt 0:00:02]} 6. Nxd4 {[%emt 0:00:00]} Nf6 {[%emt 0:00:11]} 7. O-O {[%emt 0:00:09]} O-O {[%emt 0:00:02]} 8. Qd3 {[%emt 0:00:13]} Nc6 {[%emt 0:00:11]} 9. Nxc6 {[%emt 0:00:08]} bxc6 {[%emt 0:00:03]} 10. Bg5 {[%emt 0:00:11]} Bd7 {[%emt 0:00:36]} 11. a3 {[%emt 0:00:18]} Qc7 {[%emt 0:00:37]} 12. Rad1 {[%emt 0:00:12]} Rfb8 {[%emt 0:00:13]} 13. b4 {[%emt 0:00:07]} a5 {[%emt 0:00:08] Restarted W (13.16e) Restarted B (13.16e) OK OK Jaguarjungle reconnected.} 14. Rb1 {[%emt 0:04:14]} axb4 {[%emt 0:00:21]} 15. axb4 {[%emt 0:00:03]} Ra7 {[%emt 0:00:36]} 16. Be3 {[%emt 0:00:07]} Rab7 {[%emt 0:00:05]} 17. Na2 {[%emt 0:00:08]} c5 {[%emt 0:00:26]} 18. c3 {[%emt 0:00:10]} cxb4 {[%emt 0:00:12]} 19. cxb4 {[%emt 0:00:03]} Bb5 {[%emt 0:00:39]} 20. Rfc1 {[%emt 0:00:08]} Bc6 {[%emt 0:00:30]} 21. Qb3 {[%emt 0:00:08]} e6 {[%emt 0:00:52]} 22. Bd2 {[%emt 0:00:51]} Nxe4 {[%emt 0:00:21]} 23. Be1 {[%emt 0:00:13]} Nf6 {[%emt 0:00:45]} 24. b5 {[%emt 0:00:04]} Bxb5 {[%emt 0:00:56]} 25. Bxb5 {[%emt 0:00:03]} Rxb5 {[%emt 0:00:22]} 26. Rxc7 {[%emt 0:00:06]} Rxb3 {[%emt 0:00:04]} 27. Rxb3 {[%emt 0:00:06]} Rxb3 {[%emt 0:00:04]} 28. Rc8+ {[%emt 0:00:16]} Bf8 {[%emt 0:00:02]} 29. h3 {[%emt 0:00:08]} Rb1 {[%emt 0:00:09]} 30. Kf1 {[%emt 0:00:05]} Ra1 {[%emt 0:00:21]} 31. Nb4 {[%emt 0:00:09]} Kg7 {[%emt 0:00:31]} 32. Ke2 {[%emt 0:00:13]} d5 {[%emt 0:00:17]} 33. Bc3 {[%emt 0:00:17]} Rb1 {[%emt 0:00:30]} 34. Nd3 {[%emt 0:00:20]} Be7 {[%emt 0:00:18]} 35. Rc7 {[%emt 0:00:16]} Bd6 {[%emt 0:00:05]} 36. Rc6 {[%emt 0:00:09]} Be7 {[%emt 0:00:04]} 37. Rc7 {[%emt 0:00:11]} Bf8 {[%emt 0:00:02]} 38. Rc8 {[%emt 0:00:02]} Ba3 {[%emt 0:00:07]} 39. g4 {[%emt 0:00:10]} g5 {[%emt 0:00:03]} 40. Rc7 {[%emt 0:00:38]} Kg6 {[%emt 0:00:05]} 41. Ne5+ {[%emt 0:00:05]} Kg7 {[%emt 0:00:08]} 42. Rxf7+ {[%emt 0:00:03]} Kg8 {[%emt 0:00:03]} 43. Rxf6 {[%emt 0:00:02]} Be7 {[%emt 0:00:02]} 44. Rxe6 {[%emt 0:00:08]} Bf8 {[%emt 0:00:03]} 45. Re8 {[%emt 0:00:08]} Kg7 {[%emt 0:00:03]} 46. Nd7+ {[%emt 0:00:03]} Kf7 {[%emt 0:00:03]} 47. Rxf8+ {[%emt 0:00:03]} Ke7 {[%emt 0:00:02]} 48. Rh8 {[%emt 0:00:21]} Kxd7 {[%emt 0:00:02]} 49. Rxh7+ {[%emt 0:00:02]} Kc6 {[%emt 0:00:01]} 50. Rg7 {[%emt 0:00:05]} Kc5 {[%emt 0:00:02]} 51. Rxg5 {[%emt 0:00:02]} Kc4 {[%emt 0:00:02]} 52. Bf6 {[%emt 0:00:02]} d4 {[%emt 0:00:04]} 53. Bxd4 {[%emt 0:00:09]} Kxd4 {[%emt 0:00:01]} 54. h4 {[%emt 0:00:01]} Rb2+ {[%emt 0:00:02]} 55. Kf3 {[%emt 0:00:04]} Rb3+ {[%emt 0:00:03]} 56. Kg2 {[%emt 0:00:02]} Ke4 {[%emt 0:00:05]} 57. Rf5 {[%emt 0:00:17]} Rb4 {[%emt 0:00:05]} 58. f3+ {[%emt 0:00:04]} Ke3 {[%emt 0:00:05]} 59. Kg3 {[%emt 0:00:02]} Rb2 {[%emt 0:00:03]} 60. h5 {[%emt 0:00:03]} Rb1 {[%emt 0:00:05]} 61. h6 {[%emt 0:00:02]} Rg1+ {[%emt 0:00:02]} 62. Kh4 {[%emt 0:00:01]} Kf2 {[%emt 0:00:04]} 63. Kg5 {[%emt 0:00:01]} Rg3 {[%emt 0:00:02]} 64. h7 {[%emt 0:00:01]} Rh3 {[%emt 0:00:02]} 65. Rf4 {[%emt 0:00:03]} Rxh7 {[%emt 0:00:03]} 66. Kf5 {[%emt 0:00:03]} Rh3 {[%emt 0:00:02]} 67. g5 {[%emt 0:00:02]} Rh5 {[%emt 0:00:04]} 68. Kg6 {[%emt 0:00:04]} Rh3 {[%emt 0:00:02]} 69. Kf6 {[%emt 0:00:04]} Rg3 {[%emt 0:00:04]} 70. g6 {[%emt 0:00:02]} Ke3 {[%emt 0:00:03]} 71. Rf5 {[%emt 0:00:03]} Kf2 {[%emt 0:00:07]} 72. g7 {[%emt 0:00:02]} Rg2 {[%emt 0:00:03]} 73. Kf7 {[%emt 0:00:02]} Rg3 {[%emt 0:00:03]} 74. g8=Q {[%emt 0:00:05]} Rxg8 {[%emt 0:00:01]} 75. Kxg8 {[%emt 0:00:00]} Ke3 {[%emt 0:00:03]} 76. Rf8 {[%emt 0:00:04]} Kd4 {[%emt 0:00:04]} 77. f4 {[%emt 0:00:01]} Ke4 {[%emt 0:00:01]} 78. f5 {[%emt 0:00:00]} Ke5 {[%emt 0:00:01]} 79. f6 {[%emt 0:00:14]} Ke6 {[%emt 0:00:01]} 80. Kg7 {[%emt 0:00:03]} Kd7 {[%emt 0:00:03]} 81. Rh8 {[%emt 0:00:04]} Ke6 {[%emt 0:00:03]} 82. f7 {[%emt 0:00:00]} Ke7 {[%emt 0:00:01]} 83. f8=Q+ {[%emt 0:00:00]} Ke6 {[%emt 0:00:01]} 84. Rh6+ {[%emt 0:00:03]} Ke5 {[%emt 0:00:03]} 85. Rh1 {[%emt 0:00:04]} Ke6 {[%emt 0:00:05]} 86. Re1+ {[%emt 0:00:01]} Kd7 {[%emt 0:00:01]} 87. Qf2 {[%emt 0:00:04]} Kd6 {[%emt 0:00:04]} 88. Qd2+ {[%emt 0:00:01]} Kc5 {[%emt 0:00:02]} 89. Rc1+ {[%emt 0:00:00]} Kb5 {[%emt 0:00:05]} 90. Qb2+ {[%emt 0:00:00]} Ka4 {[%emt 0:00:03]} 91. Ra1# {[%emt 0:00:00] Mate Mate} 1-0

[Event "OeISM_Rapid_u12_Girls"]
[Site "AUT_girls_U12"]
[Date "2020.12.13"]
[Round "5"]
[White "Chessellis"]
[Black "Leefke Giselbrecht"]
[Result "1-0"]
[WhiteElo "1696"]
[BlackElo "1414"]
[Annotator "NA"]
[PlyCount "45"]
[EventDate "2020.12.13"]
[EventType "blitz"]
[TimeControl "600+3"]

1. e4 {[%emt 0:00:02]} d5 {[%emt 0:00:03]} 2. exd5 {[%emt 0:00:02]} Qxd5 {[%emt 0:00:02]} 3. Nc3 {[%emt 0:00:01]} Qd8 {[%emt 0:00:03]} 4. d4 {[%emt 0:00:08]} Nf6 {[%emt 0:00:03]} 5. Nf3 {[%emt 0:00:02]} Bf5 {[%emt 0:00:03]} 6. Bd3 {[%emt 0:00:13]} e6 {[%emt 0:00:03]} 7. O-O {[%emt 0:00:02]} Bd6 {[%emt 0:00:05]} 8. Re1 {[%emt 0:00:03]} O-O {[%emt 0:00:04]} 9. Bg5 {[%emt 0:00:04]} Nbd7 {[%emt 0:00:03]} 10. Bxf5 {[%emt 0:00:10]} exf5 {[%emt 0:00:04]} 11. Nd5 {[%emt 0:00:07]} c6 {[%emt 0:00:09]} 12. Nxf6+ {[%emt 0:00:06]} Nxf6 {[%emt 0:00:02]} 13. Qd3 {[%emt 0:00:05]} Be7 {[%emt 0:00:16]} 14. Qxf5 {[%emt 0:00:13]} Qd6 {[%emt 0:00:12]} 15. c3 {[%emt 0:00:20]} Rfe8 {[%emt 0:00:09]} 16. Re2 {[%emt 0:00:14]} h6 {[%emt 0:00:07]} 17. Bh4 {[%emt 0:00:08]} Nd5 {[%emt 0:00:35]} 18. Rae1 {[%emt 0:00:16]} Nf6 {[%emt 0:00:43]} 19. Bxf6 {[%emt 0:01:02]} gxf6 {[%emt 0:00:20]} 20. Nh4 {[%emt 0:00:21]} Rad8 {[%emt 0:01:14]} 21. Qg4+ {[%emt 0:00:13]} Kh8 {[%emt 0:00:06]} 22. Nf5 {[%emt 0:00:08]} Qd7 {[%emt 0:00:10]} 23. Qg7# {[%emt 0:00:05] Mate Mate} 1-0

[Event "OeISM_Rapid_u12_Girls"]
[Site "AUT_girls_U12"]
[Date "2020.12.13"]
[Round "5"]
[White "BiancaD"]
[Black "Efiona2008"]
[Result "1-0"]
[WhiteElo "1593"]
[BlackElo "1406"]
[Annotator "NA"]
[PlyCount "95"]
[EventDate "2020.12.13"]
[EventType "blitz"]
[TimeControl "600+3"]

1. e4 {[%emt 0:00:01]} e5 {[%emt 0:00:02]} 2. Nf3 {[%emt 0:00:01]} Nc6 {[%emt 0:00:03]} 3. Bc4 {[%emt 0:00:01]} Bc5 {[%emt 0:00:04]} 4. O-O {[%emt 0:00:03]} Nf6 {[%emt 0:00:04]} 5. Nc3 {[%emt 0:00:04]} Nd4 {[%emt 0:00:09]} 6. Nxd4 {[%emt 0:00:02]} exd4 {[%emt 0:00:08]} 7. Nd5 {[%emt 0:00:05]} Nxe4 {[%emt 0:00:08]} 8. Re1 {[%emt 0:00:05]} O-O {[%emt 0:00:12]} 9. Rxe4 {[%emt 0:00:03]} b6 {[%emt 0:00:06]} 10. c3 {[%emt 0:00:16]} Bb7 {[%emt 0:00:12]} 11. cxd4 {[%emt 0:00:04]} Bb4 {[%emt 0:00:10]} 12. Qe2 {[%emt 0:00:14]} a6 {[%emt 0:00:12]} 13. Nxb4 {[%emt 0:00:02]} Bxe4 {[%emt 0:00:10]} 14. Qxe4 {[%emt 0:00:01]} Re8 {[%emt 0:00:15]} 15. Qc2 {[%emt 0:00:23]} b5 {[%emt 0:00:14]} 16. Bd3 {[%emt 0:00:06]} g6 {[%emt 0:00:03]} 17. h3 {[%emt 0:00:03]} a5 {[%emt 0:00:31]} 18. Nd5 {[%emt 0:00:11]} b4 {[%emt 0:00:18]} 19. Be4 {[%emt 0:00:04]} Rb8 {[%emt 0:00:12]} 20. d3 {[%emt 0:00:12]} c6 {[%emt 0:00:24]} 21. Nf4 {[%emt 0:00:23]} Qc7 {[%emt 0:00:24]} 22. d5 {[%emt 0:00:13]} Rbc8 {[%emt 0:00:26]} 23. dxc6 {[%emt 0:00:06]} dxc6 {[%emt 0:00:04]} 24. Be3 {[%emt 0:00:16]} c5 {[%emt 0:00:18]} 25. Rc1 {[%emt 0:00:06]} c4 {[%emt 0:00:26]} 26. Qxc4 {[%emt 0:00:03]} Qxc4 {[%emt 0:00:05]} 27. Rxc4 {[%emt 0:00:02]} Rxc4 {[%emt 0:00:09]} 28. dxc4 {[%emt 0:00:03]} Rxe4 {[%emt 0:00:02]} 29. c5 {[%emt 0:00:02]} Kf8 {[%emt 0:00:09]} 30. Kf1 {[%emt 0:00:04]} Ke7 {[%emt 0:00:10]} 31. Ke2 {[%emt 0:00:02]} Rc4 {[%emt 0:00:09]} 32. Kd3 {[%emt 0:00:02]} Rxf4 {[%emt 0:00:31]} 33. Bxf4 {[%emt 0:00:03]} Kd7 {[%emt 0:00:02]} 34. Kd4 {[%emt 0:00:02]} Kc6 {[%emt 0:00:04]} 35. g4 {[%emt 0:00:02]} a4 {[%emt 0:00:17]} 36. f3 {[%emt 0:00:12]} f6 {[%emt 0:00:20]} 37. h4 {[%emt 0:00:05]} h6 {[%emt 0:00:08]} 38. g5 {[%emt 0:00:05]} fxg5 {[%emt 0:00:02]} 39. hxg5 {[%emt 0:00:02]} h5 {[%emt 0:00:02]} 40. Bg3 {[%emt 0:00:04]} Kd7 {[%emt 0:00:17]} 41. Kd5 {[%emt 0:00:03]} Kc8 {[%emt 0:00:04]} 42. Kc6 {[%emt 0:00:02]} Kd8 {[%emt 0:00:07]} 43. Kb7 {[%emt 0:00:02]} Kd7 {[%emt 0:00:02]} 44. c6+ {[%emt 0:00:01]} Ke6 {[%emt 0:00:01]} 45. c7 {[%emt 0:00:02]} Kf5 {[%emt 0:00:01]} 46. c8=Q+ {[%emt 0:00:02]} Kxg5 {[%emt 0:00:04]} 47. f4+ {[%emt 0:00:04]} Kh6 {[%emt 0:00:04]} 48. Qh8# {[%emt 0:00:01] Mate Mate} 1-0

[Event "OeISM_Rapid_u12_Girls"]
[Site "AUT_girls_U12"]
[Date "2020.12.13"]
[Round "5"]
[White "LBchessqueen"]
[Black "HarryPotter09"]
[Result "1-0"]
[WhiteElo "1583"]
[BlackElo "1459"]
[Annotator "NA"]
[PlyCount "73"]
[EventDate "2020.12.13"]
[EventType "blitz"]
[TimeControl "600+3"]

1. c4 {[%emt 0:00:13]} e5 {[%emt 0:00:04]} 2. d3 {[%emt 0:00:02]} Nf6 {[%emt 0:00:03]} 3. g3 {[%emt 0:00:03]} d5 {[%emt 0:00:02]} 4. cxd5 {[%emt 0:00:02]} Nxd5 {[%emt 0:00:02]} 5. Nc3 {[%emt 0:00:03]} Nc6 {[%emt 0:00:10]} 6. Bg2 {[%emt 0:00:03]} Be6 {[%emt 0:00:06]} 7. Nf3 {[%emt 0:00:06]} f6 {[%emt 0:00:04]} 8. O-O {[%emt 0:00:04]} Qd7 {[%emt 0:00:03]} 9. Bd2 {[%emt 0:00:04]} Bh3 {[%emt 0:00:11]} 10. Nxd5 {[%emt 0:00:02]} Bxg2 {[%emt 0:00:09]} 11. Nxc7+ {[%emt 0:00:07]} Qxc7 {[%emt 0:00:06]} 12. Kxg2 {[%emt 0:00:02]} Bc5 {[%emt 0:00:08]} 13. Rc1 {[%emt 0:00:03]} Bb6 {[%emt 0:00:04]} 14. b4 {[%emt 0:00:10]} a6 {[%emt 0:00:17]} 15. a4 {[%emt 0:00:06]} Qd6 {[%emt 0:00:17]} 16. Qb3 {[%emt 0:00:35]} Nd4 {[%emt 0:00:42]} 17. Nxd4 {[%emt 0:00:06]} Bxd4 {[%emt 0:00:04]} 18. Bc3 {[%emt 0:00:10]} Bxc3 {[%emt 0:00:10]} 19. Rxc3 {[%emt 0:00:09]} Qd4 {[%emt 0:00:41]} 20. Qe6+ {[%emt 0:00:08]} Kf8 {[%emt 0:00:11]} 21. Rfc1 {[%emt 0:00:07]} Qd8 {[%emt 0:00:46]} 22. Rc8 {[%emt 0:00:15]} Rxc8 {[%emt 0:00:04]} 23. Rxc8 {[%emt 0:00:03]} Qxc8 {[%emt 0:00:09]} 24. Qxc8+ {[%emt 0:00:01]} Kf7 {[%emt 0:00:02]} 25. Qxh8 {[%emt 0:00:02]} Kg6 {[%emt 0:00:01]} 26. Qc8 {[%emt 0:00:05]} b5 {[%emt 0:00:03]} 27. Qxa6 {[%emt 0:00:03]} bxa4 {[%emt 0:00:01]} 28. Qxa4 {[%emt 0:00:02]} h6 {[%emt 0:00:03]} 29. b5 {[%emt 0:00:01]} Kf5 {[%emt 0:00:03]} 30. b6 {[%emt 0:00:02]} g5 {[%emt 0:00:01]} 31. b7 {[%emt 0:00:01]} h5 {[%emt 0:00:01]} 32. b8=Q {[%emt 0:00:02]} h4 {[%emt 0:00:02]} 33. Qe4+ {[%emt 0:00:05]} Ke6 {[%emt 0:00:05]} 34. Qb6+ {[%emt 0:00:02]} Kf7 {[%emt 0:00:02]} 35. Qc7+ {[%emt 0:00:06]} Ke8 {[%emt 0:00:03]} 36. Qeh7 {[%emt 0:00:03]} Kf8 {[%emt 0:00:03]} 37. Qh8# {[%emt 0:00:01] Mate Mate} 1-0